00490nam a2200145Ia 4500082001200000100002000012245007300032260004700105300000800152504004000160650004800200650003300248650004400281710001900325 aTK.0402 aKaushik, Neeraj 0aCustomer satisfaction in indian aviation sector: an analytical study c2008bMaharshi Dayanand University, Rohtak a184 ainclude appendices and bibliography aAviation industryvCustomer serviceszIndia aConsumer satisfactionvIndia aAirport Authority of India (AAI)vIndia aKaushik, V. K.